<?xml version="1.0" encoding="UTF-8"?><?xml-stylesheet type="text/xsl" href="static/style.xsl"?><OAI-PMH xmlns="http://www.openarchives.org/OAI/2.0/" xmlns:xsi="http://www.w3.org/2001/XMLSchema-instance" xsi:schemaLocation="http://www.openarchives.org/OAI/2.0/ http://www.openarchives.org/OAI/2.0/OAI-PMH.xsd"><responseDate>2026-06-29T02:37:50Z</responseDate><request verb="GetRecord" identifier="oai:docta.ucm.es:20.500.14352/11197" metadataPrefix="marc">https://docta.ucm.es/rest/oai/request</request><GetRecord><record><header><identifier>oai:docta.ucm.es:20.500.14352/11197</identifier><datestamp>2023-09-13T00:26:47Z</datestamp><setSpec>com_20.500.14352_14</setSpec><setSpec>col_20.500.14352_22</setSpec></header><metadata><record xmlns="http://www.loc.gov/MARC21/slim" xmlns:dcterms="http://purl.org/dc/terms/" xmlns:xsi="http://www.w3.org/2001/XMLSchema-instance" xmlns:doc="http://www.lyncode.com/xoai" xsi:schemaLocation="http://www.loc.gov/MARC21/slim http://www.loc.gov/standards/marcxml/schema/MARC21slim.xsd">
   <leader>00925njm 22002777a 4500</leader>
   <datafield ind2=" " ind1=" " tag="042">
      <subfield code="a">dc</subfield>
   </datafield>
   <datafield ind2=" " ind1=" " tag="720">
      <subfield code="a">Aznar Pérez, Mario</subfield>
      <subfield code="e">author</subfield>
   </datafield>
   <datafield ind2=" " ind1=" " tag="260">
      <subfield code="c">2020-10-19</subfield>
   </datafield>
   <datafield ind2=" " ind1=" " tag="520">
      <subfield code="a">«En el centro del vacío hay otra fiesta». Crisis del lenguaje y ficción crítica. De Borges a Vila-Matas. La presente tesis doctoral se propone como objetivo principal realizar un estudio panorámico sobre las implicaciones de la crisis contemporánea del lenguaje en la construcción de un género literario singular, la «ficción crítica», así como su estudio comparado en las literaturas del escritor argentino Jorge Luis Borges (1899-1986) y del escritor español Enrique Vila-Matas (1948-). La investigación, dividida en cuatro grandes capítulos, posee un enfoque marcadamente teórico y utiliza una metodología comparativa e interdisciplinar...</subfield>
   </datafield>
   <datafield ind2=" " ind1=" " tag="520">
      <subfield code="a">«In the centre of the void there is another party». Crisis of Language and Critical Fiction. From Borges to Vila-Matas. The present doctoral thesis proposes to carry out a panoramic study on the implications of the contemporary crisis of language in the construction of a remarkable literary genre, «critical fiction», as well as its comparative study in the literatures of the Argentinian writer Jorge Luis Borges (1899-1986) and the Spanish writer Enrique Vila-Matas (1948-). The research, divided into four big chapters, applies a theoretical approach and uses a comparative and interdisciplinary methodology...</subfield>
   </datafield>
   <datafield ind1="8" ind2=" " tag="024">
      <subfield code="a">https://hdl.handle.net/20.500.14352/11197</subfield>
   </datafield>
   <datafield ind2="0" ind1="0" tag="245">
      <subfield code="a">En el centro del vacío hay otra fiesta: crisis del lenguaje y ficción crítica. De Borges a Vila-Matas</subfield>
   </datafield>
</record></metadata></record></GetRecord></OAI-PMH>